01431nam a2200253Ia 450000500170000000800410001702000150005805000160007310000370008924500980012626000290022430000230025333600100027633700140028633800120030050400360031250504420034851901020079065000440089294200070093695201080094395201090105199900170116020231102150835.0120626s2013 mx 000 0 spa d a970646187614aHD58.8bG641 aGONZALEZ CORNEJO, Aurelioeautor10aDesarrollo organizacionalb : la alternativa para el siglo XXIc / Aurelio González Cornejo30aMéxicob : PACc, 2013 axvi, 420 páginas atexto asin medio avolumen acontiene bibliografía (p.413) aContenido: El individuo y las organizaciones Una introducción al desarrollo organizacional La operacionalización del desarrollo organizacional La cultura organizacional El cambio: elemento clave para el desarrollo organizacional El agente de desarrollo organizcaional y su intervención en el proceso de cambio El conflicto y el desarrollo organizacional El trabajo en equipo y el desarrollo organizacional El desarrollo en México aPlan Flexible / bAdministración / cDesarrollo organizacional (p15) / d(09 002281, 09 001378)14a1. CAMBIO ORGANIZACIONAL -- MÉXICOÌ cLB 00104070a09b09d2008-06-11l26m1oHD58.8 G64p09 002281r2018-09-29s2018-09-29t1w2012-06-26yLB 00102lcc4070a09b09d2016-09-07l2oHD58.8 G64p09 001378r2019-11-27s2019-11-25t2w2016-09-07yLB c64060d64060